Postacie historyczne według obrazu #1 - Statystyki

Ogólne statystyki
  • Ten quiz został rozwiązany 156 razy
    56 od ostatniego zresetowania
  • Średni wynik to 10 z 21
Statystyki odpowiedzi
Obrazkowy Hint Odpowiedź % Poprawnych
1920-2005 Jan Paweł II
98%
1898-1953 Józef Stalin
98%
1798-1855 Adam Mickiewicz
79%
1870-1924 Włodzimierz Lenin
67%
1451-1519 Leonardo da Vinci
65%
1946-1991 Freddie Mercury
63%
???-992 do n.e. Mieszko I
63%
1769-1821 Napoleon Bonaparte
58%
100 do n.e.-44 do n.e. Gajusz Juliusz Cezar
51%
1940-1980 John Lennon
51%
1911-2004 Ronald Reagan
47%
1642-1721 Isaac Newton
35%
1815-1898 Otto von Bismarck
35%
1756-1791 Wolfgang Mozart
30%
1551-1589 Henryk III Walezy
28%
1770-1827 Ludwig van Beethoven
23%
1809-1882 Charles Darwin
21%
1925-2013 Margaret Tatcher
21%
1847-1931 Thomas Edison
21%
1856-1924 Woodrow Wilson
19%
1853-1947 Henry Ford
9%
Nie znaleziono quizów pasujących do podanych kryteriów
Rozkład punktacji
Procent ludzi z każdym wynikiem
Percentyl według liczby udzielonych odpowiedzi
Twoja historia wyników
Nie rozwiązałeś tego quizu od ostatniego zresetowania